Statystyki dla Najbardziej zaludnione kraje w 2050 r.

Kliknij tutaj aby rozwiązać quiz!

Ogólne statystyki

  • Ten quiz został rozwiązany 559 razy
  • Średni wynik to 14 z 21

Statystyki odpowiedzi

PopulacjaKraj% Poprawnych
1,302 milChiny
99%
398 milStany Zjednoczone
98%
1,657 milIndie
96%
130 milRosja
94%
232 milBrazylia
90%
107 milJaponia
82%
151 milMeksyk
81%
391 milNigeria
76%
300 milIndonezja
73%
138 milEgipt
71%
100 milIran
63%
291 milPakistan
61%
145 milDemokratyczna Republika Konga
60%
90 milTurcja
60%
250 milBangladesz
55%
228 milEtiopia
54%
76 milIrak
50%
111 milWietnam
48%
155 milFilipiny
45%
119 milTanzania
30%
94 milUganda
18%

Rozkład punktacji

Percentyl według liczby udzielonych odpowiedzi

Procent ludzi z każdym wynikiem

Twoja historia wyników

Nie rozwiązałeś tego quizu